000 00953nam a2200229 i 4500
001 78453
003 ES-MaACL
005 20230906173715.0
007 t|
008 041014s1912 fr ||||1| fre d
100 1 _aHardy, Siméon-Prosper.
_961837
245 1 0 _aMes loisirs
_b: journal d'evenéments tels qu'ils parviennent a ma connaissance (1746-1789) /
_cpar S.P. Hardy ; publiée d'aprés le manuscrit aulographe et inédit de la Bib. Nationale, por Maurice Tourneux et Maurice Vitrac.
260 _aParis :
_bAlphonse Picard et Fils,
_c1912 (
_eSaunier :
_fImp. Moderne)
300 _aXXI, 445 p. ;
_c23 cm.
490 1 _aMémoires et documents inédits du siécle XVIII-XIX
505 8 _aContiene: Tome Prémier 1764-1773
700 1 _aTourneux, Maurice.
_9111146
700 1 _aVitrac, Maurice.
_9115527
830 0 _aMémoires et documents inédits du siécle XVIII-XIX
_9231396
852 _aES-MaACL
_jB-13593
999 _c78453
_d78453